[Event "2018 Aurora Fall Open - U2000"]
[Site "Newmarket"]
[Date "2018.10.21"]
[Round "5.15"]
[White "Armstrong, Robert J."]
[Black "Hughes, Henry"]
[Result "0-1"]
[WhiteElo "1508"]
[BlackElo "1472"]
[PlyCount "102"]
[EventDate "2018.10.20"]

1. d4 Nf6 2. c4 g6 3. Nc3 d5 4. e3 c6 5. Nf3 a6 6. a4 Bg7 7. Be2 Bg4 8. c5 Nbd7
9. b4 Qc7 10. Bb2 O-O 11. O-O Rfe8 12. h3 Bxf3 13. Bxf3 e5 14. Qd2 exd4 15.
exd4 Nf8 16. b5 Ne6 17. bxc6 bxc6 18. a5 h5 19. Na4 Kh7 20. Nb6 Ra7 21. Rae1
Bh6 22. Qc2 Ng5 23. Be2 Re4 24. Qd3 Ne6 25. Bf3 Nf4 26. Qc2 Rxe1 27. Rxe1 Kg7
28. Re5 Rb7 29. Bc1 Rb8 30. g3 Nxh3+ 31. Kg2 Bxc1 32. Qxc1 Ng4 33. Bxg4 hxg4
34. f3 f6 35. Re1 gxf3+ 36. Kxf3 Ng5+ 37. Kg2 Ne4 38. Qe3 Rh8 39. Rf1 Qe7 40.
Rh1 Rxh1 41. Kxh1 Qe6 42. Kg2 Ng5 43. Kf2 Qf5+ 44. Kg2 Qc2+ 45. Kf1 Ne4 46. g4
Qd1+ 47. Qe1 Qf3+ 48. Kg1 Qxg4+ 49. Kf1 Qf3+ 50. Kg1 g5 51. Nd7 Qg4+ 0-1